000
00307nam a2200145Ia 4500
100
_a
Balachandran/S
942
_c
BK
366
_f
25
245
_a
How to improve trainer effectiveness
260
_b
SPD
_c
2008
082
_a
658.3124
_b
BAL
300
_a
158
546
_a
ENGLISH
_c
Computers
999
_c
23036
_d
23036